| 000 | 00622nam a2200229 i 4500 | ||
|---|---|---|---|
| 001 | 88843 | ||
| 003 | ES-MaACL | ||
| 005 | 20260423175248.0 | ||
| 007 | t| | ||
| 008 | 041223s2001 sp |||| | spa d | ||
| 020 | _a84-217-2151-8 | ||
| 080 | _a821.521-32"19" | ||
| 100 | 1 |
_aKawabata, Yasunari, _d1899-1972 _9243019 |
|
| 245 | 1 | 3 |
_aLa casa de las bellas durmientes / _cYasunari Kawabata. |
| 250 | _a4ª ed. | ||
| 260 |
_aBarcelona : _bCaralt, _c2001. |
||
| 300 |
_a156 p. ; _c20 cm. |
||
| 490 | 1 | _aGalería literaria | |
| 830 | 1 |
_aGalería literaria _9180522 |
|
| 852 | 4 |
_aES-MaACL _jE-10674 |
|
| 999 |
_c88843 _d88843 |
||